00400nam a2200145 a 4500008004100000050001500041100002700056245006400083250001200147260003200159300002200191350000900213650001700222650001500239120416s1958 ||||||||||||||||| || u aGN 315 Hoe aHoebel, Edward Adamson10aMan in the primitive world; an introduction to anthropology a2nd ed. aNew YorkbMcGraw-Hillc1958 axvi, 678p. : ill. a0.00 aANTHROPOLOGY aFossil man